| 000 | 02185cam a2200625 4500 | ||
|---|---|---|---|
| 999 |
_c23223 _d23223 |
||
| 001 | vtls011836985 | ||
| 005 | 20220427113934.0 | ||
| 008 | 210624s2018 xo oac gr 000 jdslo | ||
| 020 |
_a9788097291310 _q(viazané) |
||
| 035 | _aFEA588F1-F9DD-4B0F-98AD-5D30DC5C6979 | ||
| 035 | _aurn:nbn:sk:snk-am3ie15 | ||
| 035 | _aurn:nbn:sk:snk-am00e6he | ||
| 040 |
_aSVKPO _bslo _cSVKPO _dSNK _erda |
||
| 041 | 0 | _aslo | |
| 044 |
_axo _cSK |
||
| 072 | 7 |
_a91 _xGeografia ako veda. Výskum. Cestovanie _2konspekt |
|
| 080 |
_a910.4 _22011 |
||
| 080 |
_a910.4-051 _22011 |
||
| 080 |
_a(=162.4) _22011 |
||
| 080 |
_a(437.6) _22011 |
||
| 080 |
_a(0:82-992) _22011 |
||
| 080 |
_a(093.3) _22011 |
||
| 080 |
_a910.4(091) _22011 |
||
| 080 |
_a(100) _22011 |
||
| 245 | 0 | 0 |
_aCestopisné denníky _bzblízka i zďaleka, z monarchie i republiky _cJán Golian, Rastislav Molda (eds.) |
| 246 | 3 | 0 | _aZblízka i zďaleka, z monarchie i republiky |
| 264 | 1 |
_aBanská Bystrica _bSociety for Human Studies _c2018 |
|
| 300 |
_a286 strán _bfotografie, ilustrácie, portréty _c25 cm |
||
| 336 |
_atext _btxt _2rdacontent |
||
| 337 |
_abez média _bn _2rdamedia |
||
| 338 |
_azväzok _bnc _2rdacarrier |
||
| 500 | _aObsahuje biografické informácie o zostavovateľoch | ||
| 648 | 7 |
_a19.-20. storočie _2SNKPH _92202 |
|
| 648 | 7 |
_a19-20th centuries _2SNKPHeng _92998 |
|
| 650 | 0 | 7 |
_acestovanie _2SNKPH _92999 |
| 650 | 0 | 7 |
_acestovatelia _2SNKPH _93000 |
| 650 | 0 | 7 |
_aTravelling _2SNKPHeng _93001 |
| 650 | 0 | 7 |
_aTravellers _2SNKPHeng _93002 |
| 650 | 0 | 7 |
_aSlováci _2SNKPH _91999 |
| 650 | 0 | 7 |
_adejiny cestovania _2SNKPH _93003 |
| 650 | 0 | 7 |
_aHistory of travelling _2SNKPHeng _93004 |
| 650 | 0 | 7 |
_aSlovaks _2SNKPHeng _92002 |
| 650 | 7 |
_akrajiny sveta _2SNKPHgeo _92418 |
|
| 651 | 7 |
_aSlovensko _2SNKPHgeo _91613 |
|
| 651 | 7 |
_aSlovakia _2SNKPHeng _91614 |
|
| 651 | 7 |
_aCountries of the world _2SNKPHeng _92419 |
|
| 655 | 7 |
_acestopisy _2SNKPH _93005 |
|
| 655 | 7 |
_aBooks of travels _2SNKPHeng _93006 |
|
| 655 | 7 |
_aDiaries _2SNKPHeng _91783 |
|
| 655 | 7 |
_adenníky _2SNKPH _91782 |
|
| 700 | 1 |
_aGolian, Ján, _d1986- _4edt _4aui _92947 |
|
| 700 | 1 |
_aMolda, Rastislav, _d1986- _4edt _4aui _92950 |
|
| 958 | _aLX | ||
| 958 | _aNB | ||